[Event "AUT-chT (Women) 1819"]
[Site "Austria"]
[Date "2019.01.20"]
[Round "5.4"]
[White "Kogler, Alexandra"]
[Black "Nagy, Laura"]
[Result "0-1"]
[WhiteElo "1470"]
[BlackElo "1787"]
[PlyCount "58"]
[EventDate "2018.11.17"]
[EventType "team-swiss"]
[EventRounds "7"]
[EventCountry "AUT"]
[SourceTitle "CBM 189 Extra"]
[Source "ChessBase"]
[SourceDate "2019.06.03"]
[SourceVersion "1"]
[SourceVersionDate "2019.06.03"]
[SourceQuality "1"]
[WhiteTeam "St Veit/Glan (W)"]
[BlackTeam "Steyr (W)"]
[WhiteTeamCountry "AUT"]
[BlackTeamCountry "AUT"]

1. e4 e5 2. Nf3 Nc6 3. c3 Nf6 4. Bd3 d5 5. exd5 Qxd5 6. Qe2 Bg4 7. Bc4 Qd7 8. h3 Bxf3 9. Qxf3 e4 10. Qe2 Ne5 11. d4 Nxc4 12. Qxc4 Bd6 13. Bg5 Qf5 14. Bxf6 Qxf6 15. Qb5+ Ke7 16. Qxb7 Rhe8 17. 0-0 Kf8 18. Qb5 Qf4 19. g3 Qh6 20. Kg2 Rab8 21. Qe2 Re6 22. b4 Qg5 23. Qe3 Qxe3 24. fxe3 Rg6 25. g4 h5 26. Nd2 hxg4 27. Nxe4 gxh3+ 28. Kxh3 Ke7 29. Nxd6 Rh8# 0-1

[Event "AUT-chT (Women) 1617"]
[Site "Austria"]
[Date "2017.04.21"]
[Round "6.2"]
[White "Nagy, Laura"]
[Black "Kurapova, Olga"]
[Result "0-1"]
[WhiteElo "1831"]
[BlackElo "1937"]
[PlyCount "106"]
[EventDate "2017.01.14"]
[EventType "team-tourn"]
[EventRounds "11"]
[EventCountry "AUT"]
[SourceTitle "EXT 2018"]
[Source "ChessBase"]
[SourceDate "2017.10.13"]
[SourceVersion "1"]
[SourceVersionDate "2017.10.13"]
[SourceQuality "1"]
[WhiteTeam "Steyr (W)"]
[BlackTeam "Dornbirn (W)"]
[WhiteTeamCountry "AUT"]
[BlackTeamCountry "AUT"]

1. e4 e5 2. Nf3 Nf6 3. Nxe5 d6 4. Nf3 Nxe4 5. d3 Nf6 6. d4 d5 7. Bd3 Bd6 8. 0-0 0-0 9. Bg5 h6 10. Bh4 Bg4 11. c3 b6 12. h3 Bh5 13. Nbd2 g5 14. Bg3 Bxg3 15. fxg3 g4 16. Ne5 gxh3 17. g4 Nxg4 18. Nxg4 Qg5 19. Bf5 hxg2 20. Rf2 Kh8 21. Qf3 Rg8 22. Rxg2 Nc6 23. Qxd5 Bxg4 24. Rxg4 Qe3+ 25. Kf1 Ne7 26. Qe4 Nxf5 27. Rxg8+ Rxg8 28. Qxe3 Nxe3+ 29. Ke2 Re8 30. Kf3 Nd5 31. Rh1 Kh7 32. Rh5 Nf6 33. Rf5 Kg6 34. Rf4 Kg5 35. Nc4 Re1 36. Kf2 Kxf4 37. Kxe1 Ng4 38. d5 h5 39. d6 cxd6 40. Nxd6 f5 41. Kf1 Ne3+ 42. Kf2 Nd1+ 43. Kg2 Nxb2 44. Nc8 Nd1 45. Nxa7 Nxc3 46. Nc8 b5 47. Nd6 b4 48. Nc4 Nxa2 49. Nb2 b3 50. Kh3 Ke3 51. Kh4 f4 52. Kxh5 f3 53. Kg4 f2 0-1

[Event "AUT-chT (Women) 1516"]
[Site "Austria"]
[Date "2016.04.17"]
[Round "7.3"]
[White "Nagy, Laura"]
[Black "Mayrhuber, Nikola"]
[Result "0-1"]
[WhiteElo "1831"]
[BlackElo "1953"]
[PlyCount "86"]
[EventDate "2015.11.06"]
[EventType "team-swiss"]
[EventRounds "7"]
[EventCountry "AUT"]
[SourceTitle "EXT 2017"]
[Source "ChessBase"]
[SourceDate "2016.10.25"]
[SourceVersion "1"]
[SourceVersionDate "2016.10.25"]
[SourceQuality "1"]
[WhiteTeam "Steyr (W)"]
[BlackTeam "Mayrhofen/Zillertal (W)"]
[WhiteTeamCountry "AUT"]
[BlackTeamCountry "AUT"]

1. e4 e6 2. d4 d5 3. Nd2 Be7 4. Ngf3 Nf6 5. exd5 exd5 6. Bd3 0-0 7. 0-0 Bg4 8. c3 Re8 9. Qb3 Qc8 10. Ne5 Be6 11. Ndf3 c5 12. Bb1 b6 13. Qc2 Ne4 14. Nd2 Bf5 15. Qb3 Nf6 16. Ndf3 h6 17. Be3 Bd6 18. a4 Bxb1 19. Rfxb1 Nc6 20. Nxc6 Qxc6 21. h3 c4 22. Qc2 Ne4 23. Qc1 Qc7 24. Nh4 Bh2+ 25. Kf1 Qe7 26. Nf3 Bc7 27. Bf4 Rac8 28. Bxc7 Rxc7 29. Ne5 Qf6 30. Qc2 Rce7 31. Kg1 Qg5 32. Rd1 Re6 33. Qc1 Qh5 34. Qe3 Qh4 35. Nf3 Qe7 36. Qc1 g5 37. Ne5 f6 38. Ng4 Qh7 39. f3 Ng3 40. Kh2 Nf5 41. Qc2 h5 42. Nf2 Re2 43. Rd2 Qc7+ 0-1

[Event "AUT-chT (Women) 1516"]
[Site "Austria"]
[Date "2016.02.27"]
[Round "5.4"]
[White "Kosc, Renata"]
[Black "Nagy, Laura"]
[Result "1/2-1/2"]
[WhiteElo "2009"]
[BlackElo "1831"]
[PlyCount "61"]
[EventDate "2015.11.06"]
[EventType "team-swiss"]
[EventRounds "7"]
[EventCountry "AUT"]
[SourceTitle "EXT 2017"]
[Source "ChessBase"]
[SourceDate "2016.10.25"]
[SourceVersion "1"]
[SourceVersionDate "2016.10.25"]
[SourceQuality "1"]
[WhiteTeam "Pamhagen (W)"]
[BlackTeam "Steyr (W)"]
[WhiteTeamCountry "AUT"]
[BlackTeamCountry "AUT"]

1. e4 e5 2. Bc4 Nc6 3. Nf3 Bc5 4. 0-0 Nf6 5. d3 0-0 6. Bg5 d6 7. Nc3 Be6 8. Nd5 Na5 9. Nxf6+ gxf6 10. Bxe6 fxg5 11. Bf5 Nc6 12. Qd2 h6 13. c3 Qf6 14. Rad1 Rad8 15. d4 Bb6 16. d5 Ne7 17. Bg4 Ng6 18. h3 Nf4 19. Kh2 Kg7 20. Ng1 Rh8 21. Ne2 Nxe2 22. Qxe2 Qe7 23. Kg1 c6 24. c4 Bc5 25. a3 a5 26. Rb1 Bd4 27. b3 Qc7 28. Qd3 Ra8 29. a4 Qe7 30. Qe2 Qc7 31. Qd3 1/2-1/2

[Event "AUT-chT (Women) 1314"]
[Site "Austria"]
[Date "2014.04.04"]
[Round "7"]
[White "Froewis, Annika"]
[Black "Nagy, Laura"]
[Result "1/2-1/2"]
[WhiteElo "2025"]
[BlackElo "1905"]
[PlyCount "52"]
[EventDate "2013.12.06"]
[EventType "team-tourn"]
[EventRounds "9"]
[EventCountry "AUT"]
[SourceTitle "EXT 2015"]
[Source "ChessBase"]
[SourceDate "2014.11.20"]
[SourceVersion "1"]
[SourceVersionDate "2014.11.20"]
[SourceQuality "1"]
[WhiteTeam "Schachamazonen (W)"]
[BlackTeam "Steyr (W)"]
[WhiteTeamCountry "AUT"]
[BlackTeamCountry "AUT"]

1. e4 e5 2. Nf3 Nc6 3. Bb5 a6 4. Ba4 Nf6 5. 0-0 d6 6. Re1 b5 7. Bb3 Na5 8. c3 Nxb3 9. axb3 Be7 10. d4 Nd7 11. Na3 Bb7 12. c4 b4 13. Nc2 a5 14. d5 Nc5 15. Ne3 Bc8 16. Qc2 g6 17. Bd2 Bd7 18. h3 Qc8 19. Nh2 f5 20. f3 Bg5 21. Re2 0-0 22. Nxf5 gxf5 23. Bxg5 f4 24. Bh4 a4 25. bxa4 Bxa4 26. Rxa4 Rxa4 1/2-1/2

[Event "AUT-chT (Women) 1314"]
[Site "Austria"]
[Date "2013.12.07"]
[Round "2"]
[White "Nagy, Laura"]
[Black "Tarmastin, Laura"]
[Result "0-1"]
[WhiteElo "1905"]
[BlackElo "1831"]
[PlyCount "84"]
[EventDate "2013.12.06"]
[EventType "team-tourn"]
[EventRounds "9"]
[EventCountry "AUT"]
[SourceTitle "EXT 2015"]
[Source "ChessBase"]
[SourceDate "2014.11.20"]
[SourceVersion "1"]
[SourceVersionDate "2014.11.20"]
[SourceQuality "1"]
[WhiteTeam "Steyr (W)"]
[BlackTeam "St Veit/Glan (W)"]
[WhiteTeamCountry "AUT"]
[BlackTeamCountry "AUT"]

1. e4 e5 2. Nf3 Nc6 3. Bc4 Bc5 4. 0-0 Nf6 5. d3 h6 6. Nc3 0-0 7. a3 a5 8. Nd5 d6 9. Be3 Ba7 10. Bxa7 Nxa7 11. Qd2 Nc6 12. Ne3 Ne7 13. Nh4 d5 14. exd5 Nfxd5 15. Nf3 f6 16. d4 e4 17. Nxd5 Nxd5 18. Nh4 Kh7 19. g3 f5 20. Ng2 Be6 21. c3 c6 22. f3 exf3 23. Rxf3 Qd6 24. Re1 Rad8 25. Qf2 Rf6 26. Nh4 Rdf8 27. Re5 g6 28. Ng2 Kg7 29. Qe1 R8f7 30. Rf2 Nf4 31. Nxf4 Bxc4 32. Rxa5 b5 33. Qe5 Qd8 34. b4 Re7 35. Qc5 Rff7 36. Ra6 Re1+ 37. Kg2 g5 38. Nh5+ Kg6 39. g4 Bd5+ 40. Rf3 Bxf3+ 41. Kf2 Qe8 42. Qd6+ Re6 0-1

[Event "AUT 4 Lands (Women)"]
[Site "Semriach"]
[Date "2013.05.20"]
[Round "3.1"]
[White "Schink, Barbara"]
[Black "Nagy, Laura"]
[Result "1-0"]
[WhiteElo "2167"]
[BlackElo "1960"]
[PlyCount "61"]
[EventDate "2013.05.18"]
[EventType "team-tourn"]
[EventRounds "3"]
[EventCountry "AUT"]
[SourceTitle "EXT 2015"]
[Source "ChessBase"]
[SourceDate "2014.11.20"]
[SourceVersion "1"]
[SourceVersionDate "2014.11.20"]
[SourceQuality "1"]
[WhiteTeam "Steiermark"]
[BlackTeam "Oberoesterreich"]
[WhiteTeamCountry "AUT"]
[BlackTeamCountry "AUT"]

1. e4 e5 2. Nf3 d6 3. d4 exd4 4. Nxd4 Nf6 5. Nc3 Nc6 6. Bf4 Be7 7. Qd2 Nxd4 8. Qxd4 Nh5 9. Be3 Bf6 10. Qd2 g6 11. Be2 Ng7 12. 0-0-0 Ne6 13. Kb1 Bd7 14. Nd5 Bg7 15. h4 h5 16. f4 Nc5 17. Bd4 0-0 18. Bxg7 Kxg7 19. Qd4+ f6 20. f5 Bc6 21. fxg6 Ne6 22. Qf2 Kh6 23. Qe3+ Kxg6 24. g4 hxg4 25. Bxg4 Ng7 26. h5+ Kh7 27. h6 Ne8 28. Bf5+ Kh8 29. Nf4 Rf7 30. Rdg1 Bd7 31. Qg3 1-0

[Event "AUT-chT (Women)"]
[Site "Austria"]
[Date "2013.03.24"]
[Round "4.1"]
[White "Nagy, Laura"]
[Black "Huber, Elke Carola"]
[Result "1/2-1/2"]
[WhiteElo "1989"]
[BlackElo "1727"]
[PlyCount "120"]
[EventDate "2013.03.21"]
[EventType "team-tourn"]
[EventRounds "9"]
[EventCountry "AUT"]
[SourceTitle "EXT 2015"]
[Source "ChessBase"]
[SourceDate "2014.11.20"]
[SourceVersion "1"]
[SourceVersionDate "2014.11.20"]
[SourceQuality "1"]
[WhiteTeam "Steyr (W)"]
[BlackTeam "Oggau (W)"]
[WhiteTeamCountry "AUT"]
[BlackTeamCountry "AUT"]

1. e4 c6 2. d4 d5 3. Nd2 dxe4 4. Nxe4 Bf5 5. Ng3 Bg6 6. Nf3 h6 7. Ne5 Qd6 8. Nxg6 Qxg6 9. Bd3 Qe6+ 10. Be3 Nf6 11. 0-0 Qc8 12. Nh5 Nbd7 13. Re1 e6 14. c3 Qc7 15. Bf4 Qa5 16. Nxf6+ Nxf6 17. Be5 Be7 18. Bc2 Qd8 19. Qf3 Bd6 20. Rad1 Qe7 21. Qg3 Bxe5 22. dxe5 Nh5 23. Qf3 g6 24. Rd6 Ng7 25. Rxc6 0-0 26. Rd6 Rfd8 27. Rxd8+ Rxd8 28. Rd1 b6 29. g3 Ne8 30. Qe3 Kg7 31. Rxd8 Qxd8 32. Qd3 Qg5 33. f4 Qe7 34. b4 Qc7 35. Ba4 Kf8 36. c4 Ke7 37. a3 a5 38. Qd4 h5 39. h3 Qb7 40. Qd3 Qc7 41. Qe4 Ng7 42. g4 Qd8 43. Qb7+ Kf8 44. Qd7 Qh4 45. Qc8+ Ke7 46. Qb7+ Kf8 47. Qb8+ Ne8 48. Qxe8+ Kg7 49. Qc6 Qe1+ 50. Kh2 Qf2+ 51. Qg2 Qxf4+ 52. Qg3 Qd2+ 53. Kh1 Qc1+ 54. Kg2 Qxc4 55. Bd1 axb4 56. axb4 Qxb4 57. Be2 Qb2 58. Qe3 hxg4 59. hxg4 b5 60. Kf3 b4 1/2-1/2

[Event "AUT-chT (Women)"]
[Site "Austria"]
[Date "2013.03.22"]
[Round "2.1"]
[White "Nagy, Laura"]
[Black "Exler, Veronika"]
[Result "0-1"]
[WhiteElo "1989"]
[BlackElo "2109"]
[PlyCount "106"]
[EventDate "2013.03.21"]
[EventType "team-tourn"]
[EventRounds "9"]
[EventCountry "AUT"]
[SourceTitle "EXT 2015"]
[Source "ChessBase"]
[SourceDate "2014.11.20"]
[SourceVersion "1"]
[SourceVersionDate "2014.11.20"]
[SourceQuality "1"]
[WhiteTeam "Steyr (W)"]
[BlackTeam "Wulkaprodersdorf (W)"]
[WhiteTeamCountry "AUT"]
[BlackTeamCountry "AUT"]

1. e4 e5 2. Nf3 Nc6 3. Bc4 Nf6 4. Nc3 Bd6 5. 0-0 0-0 6. d3 h6 7. a3 Re8 8. Ne2 Bf8 9. Ng3 d5 10. Ba2 dxe4 11. dxe4 Bg4 12. Qxd8 Raxd8 13. Be3 Bxf3 14. gxf3 Nd4 15. Bxd4 Rxd4 16. Rad1 Red8 17. Rxd4 Rxd4 18. Re1 b5 19. Bb3 a5 20. c3 Rd2 21. Re2 Rd8 22. Re1 a4 23. Rd1 Rxd1+ 24. Bxd1 Ne8 25. Nf5 Bc5 26. c4 c6 27. cxb5 cxb5 28. Be2 Nc7 29. Ne3 Bxe3 30. fxe3 Kf8 31. f4 Ke7 32. Kf2 Kd6 33. f5 g6 34. Bd1 gxf5 35. exf5 e4 36. b3 axb3 37. Bxb3 f6 38. Kg3 Ke5 39. Kg4 Ne8 40. Be6 Nd6 41. Bd7 Nc4 42. Kh5 Nxa3 43. Kxh6 b4 44. Be6 Nc2 45. Kg6 Nxe3 46. h4 Nxf5 47. Bxf5 b3 48. Bxe4 Kxe4 49. Kxf6 b2 50. h5 b1Q 51. h6 Qb2+ 52. Kg6 Qh8 53. h7 Ke5 0-1

[Event "AUT-ch (Women)"]
[Site "Feldkirch"]
[Date "2012.07.21"]
[Round "1"]
[White "Nagy, Laura"]
[Black "Mira, Helene"]
[Result "0-1"]
[WhiteElo "1952"]
[BlackElo "2084"]
[PlyCount "96"]
[EventDate "2012.07.21"]
[EventType "swiss"]
[EventRounds "9"]
[EventCountry "AUT"]
[SourceTitle "CBM 149 Extra"]
[Source "ChessBase"]
[SourceDate "2012.08.24"]
[SourceVersion "1"]
[SourceVersionDate "2012.08.24"]
[SourceQuality "1"]

1. e4 e5 2. Nf3 Nc6 3. Bc4 Nf6 4. 0-0 Be7 5. d3 0-0 6. c3 d6 7. Be3 Na5 8. Bb5 a6 9. Ba4 b5 10. Bc2 c5 11. b4 Nc6 12. a3 a5 13. bxc5 dxc5 14. h3 Qc7 15. Nbd2 Rd8 16. Qb1 Ba6 17. Rd1 a4 18. Nf1 Na5 19. Bg5 Nh5 20. Bxe7 Qxe7 21. g3 c4 22. Ne3 Nb3 23. Ra2 Qc5 24. Kg2 Bb7 25. dxc4 bxc4 26. Rxd8+ Rxd8 27. Qe1 Nf6 28. Nf1 Ne8 29. Qe3 Qa5 30. N1d2 Nd6 31. Bd1 f6 32. Rc2 Nxe4 33. Nxc4 Qc7 34. Be2 Ng5 35. Ncd2 Nd4 36. Bc4+ Qxc4 37. Nxc4 Nxc2 38. Qb6 Bxf3+ 39. Kh2 Rd1 40. Qb8+ Kf7 41. Nd6+ Ke6 42. Qe8+ Kxd6 43. Qd8+ Kc6 44. Qa8+ Kb5 45. Qe8+ Kc4 46. Qxa4+ Kxc3 47. Qa5+ Kb2 48. Qb6+ Ka1 0-1

[Event "Forchheim op 10th"]
[Site "Forchheim"]
[Date "2011.10.07"]
[Round "1"]
[White "Nagy, Laura"]
[Black "Golda, Harald"]
[Result "0-1"]
[WhiteElo "1909"]
[BlackElo "2335"]
[PlyCount "110"]
[EventDate "2011.10.07"]
[EventType "swiss"]
[EventRounds "5"]
[EventCountry "GER"]
[SourceTitle "CBM 144 Extra"]
[Source "ChessBase"]
[SourceDate "2011.10.28"]
[SourceVersion "1"]
[SourceVersionDate "2011.10.28"]
[SourceQuality "1"]

1. e4 c5 2. Nc3 Nc6 3. g3 Nf6 4. Bg2 e6 5. d3 d5 6. exd5 Nxd5 7. Nge2 Nxc3 8. Nxc3 Bd7 9. Be3 Be7 10. 0-0 Rc8 11. Ne4 b6 12. Qd2 0-0 13. f4 Nd4 14. Ng5 Bc6 15. Bxc6 Rxc6 16. Qg2 Rc7 17. Ne4 Nf5 18. Bf2 Nd6 19. Rad1 Rd7 20. Nxd6 Rxd6 21. Be3 Bf6 22. Rb1 Bd4 23. Qf3 Qd7 24. Kg2 Bxe3 25. Qxe3 Qa4 26. Qe2 Qxa2 27. b3 Qa6 28. Qf3 Qc8 29. Ra1 a5 30. Kg1 Qa8 31. Qe3 Qd8 32. Rae1 Qf6 33. Rf2 h5 34. h3 Rd5 35. Qf3 Rfd8 36. Rfe2 g6 37. Kh2 Qc3 38. Qf2 b5 39. Re4 Rd4 40. Re5 R8d5 41. Rxd5 Rxd5 42. Re2 a4 43. bxa4 bxa4 44. Qe1 Qxe1 45. Rxe1 c4 46. Ra1 cxd3 47. cxd3 Ra5 48. Kg2 Kf8 49. Kf2 Ke7 50. Ke3 a3 51. Kd2 a2 52. Kc3 Kd6 53. Kb3 Kd5 54. Kc3 Ra8 55. g4 h4 0-1

[Event "AUT-ch (Women)"]
[Site "Linz"]
[Date "2011.07.28"]
[Round "6"]
[White "Newrkla, Katharina"]
[Black "Nagy, Laura"]
[Result "1-0"]
[WhiteElo "2070"]
[BlackElo "1922"]
[PlyCount "83"]
[EventDate "2011.07.23"]
[EventType "swiss"]
[EventRounds "9"]
[EventCountry "AUT"]
[SourceTitle "CBM 143 Extra"]
[Source "ChessBase"]
[SourceDate "2011.08.29"]
[SourceVersion "1"]
[SourceVersionDate "2011.08.29"]
[SourceQuality "1"]

1. d4 Nf6 2. Nc3 d5 3. e4 e6 4. e5 Nfd7 5. f4 c5 6. Nf3 Nc6 7. Be3 a6 8. Qd2 Qa5 9. Be2 Be7 10. 0-0 0-0 11. a3 Qc7 12. Kh1 cxd4 13. Nxd4 Nxd4 14. Bxd4 Nb6 15. b3 Bc5 16. Qe3 Bxd4 17. Qxd4 Bd7 18. Bd3 Rac8 19. Ne2 Qc5 20. a4 Qxd4 21. Nxd4 Rc7 22. Kg1 Nc8 23. Kf2 Ne7 24. Ke3 Nc6 25. g4 Rfc8 26. Nxc6 Bxc6 27. f5 b5 28. a5 Bd7 29. Kd4 g6 30. fxg6 hxg6 31. h4 Kg7 32. Rf6 Rh8 33. Rh1 b4 34. h5 gxh5 35. gxh5 Bb5 36. h6+ Kf8 37. Bxb5 axb5 38. a6 Rxc2 39. a7 Ke7 40. Rhf1 Ra2 41. Rxf7+ Ke8 42. h7 1-0

[Event "AUT-ch (Women)"]
[Site "Linz"]
[Date "2011.07.26"]
[Round "4"]
[White "Nagy, Laura"]
[Black "Hapala, Elisabeth"]
[Result "0-1"]
[WhiteElo "1922"]
[BlackElo "1889"]
[PlyCount "100"]
[EventDate "2011.07.23"]
[EventType "swiss"]
[EventRounds "9"]
[EventCountry "AUT"]
[SourceTitle "CBM 143 Extra"]
[Source "ChessBase"]
[SourceDate "2011.08.29"]
[SourceVersion "1"]
[SourceVersionDate "2011.08.29"]
[SourceQuality "1"]

1. e4 e5 2. Nf3 Nc6 3. Bc4 Nf6 4. d3 Be7 5. c3 0-0 6. 0-0 d6 7. h3 Na5 8. Bb5 a6 9. Ba4 b5 10. Bc2 c5 11. Nbd2 Nc6 12. Re1 Re8 13. Nf1 h6 14. d4 Qc7 15. Ng3 cxd4 16. cxd4 Nxd4 17. Nxd4 exd4 18. Bf4 Nd7 19. Rc1 Qb6 20. Nf5 Ne5 21. Nxd4 Bf6 22. Be3 Nc4 23. Bb3 Nxe3 24. fxe3 Bb7 25. Qh5 d5 26. Nf5 g6 27. Qg4 Rxe4 28. Qg3 Be5 29. Nxh6+ Kh7 30. Qf3 Kxh6 31. Qxf7 Rxe3 32. Kh1 d4 33. Rxe3 dxe3 34. Qe7 Bf6 35. Qf7 e2 36. Bc2 Bg5 37. Re1 Rc8 38. Rxe2 Qf6 39. Qxf6 Bxf6 40. Bb3 Rd8 41. Bf7 Rd7 42. Bb3 Re7 43. Rxe7 Bxe7 44. Bc2 Bf6 45. b3 Be5 46. Kg1 Bg3 47. Kf1 b4 48. Bd3 a5 49. Bc2 g5 50. Bd3 Kg7 0-1

[Event "AUT 4 Lands (Women)"]
[Site "Gamlitz"]
[Date "2009.05.31"]
[Round "2.1"]
[White "Schink, Barbara"]
[Black "Nagy, Laura"]
[Result "1/2-1/2"]
[WhiteElo "2029"]
[BlackElo "1931"]
[PlyCount "66"]
[EventDate "2009.05.30"]
[EventType "team-tourn"]
[EventRounds "3"]
[EventCountry "AUT"]
[SourceTitle "EXT 2011"]
[Source "ChessBase"]
[SourceDate "2010.11.26"]
[SourceVersion "1"]
[SourceVersionDate "2010.11.26"]
[SourceQuality "1"]
[WhiteTeam "Burgenland"]
[BlackTeam "Niederoesterreich"]
[WhiteTeamCountry "AUT"]
[BlackTeamCountry "AUT"]

1. e4 e5 2. Nf3 Nf6 3. Nxe5 d6 4. Nf3 Nxe4 5. Nc3 Nxc3 6. dxc3 d5 7. Be3 Be7 8. Qd2 c6 9. 0-0-0 Qa5 10. Kb1 Bg4 11. Qd4 Bxf3 12. gxf3 Bf6 13. Qg4 Nd7 14. Bd4 0-0-0 15. Bxf6 gxf6 16. c4 Kb8 17. Qf4+ Qc7 18. Qxc7+ Kxc7 19. cxd5 Nb6 20. c4 cxd5 21. cxd5 Rxd5 22. Rxd5 Nxd5 23. Bc4 Kc6 24. Rg1 b5 25. Bd3 h5 26. Be4 Rd8 27. Kc1 Kc5 28. Rd1 Rd6 29. a3 a5 30. Rd2 b4 31. Rc2+ Kb6 32. Rd2 Kc5 33. a4 Rd7 1/2-1/2

[Event "AUT-ch (Women)"]
[Site "Leoben"]
[Date "2008.07.26"]
[Round "8"]
[White "Horvath, Maria"]
[Black "Nagy, Laura"]
[Result "1-0"]
[WhiteElo "1993"]
[BlackElo "1954"]
[PlyCount "81"]
[EventDate "2008.07.19"]
[EventType "swiss"]
[EventRounds "9"]
[EventCountry "AUT"]
[SourceTitle "CBM 125 Extra"]
[Source "ChessBase"]
[SourceDate "2008.09.01"]
[SourceVersion "1"]
[SourceVersionDate "2008.09.01"]
[SourceQuality "1"]

1. d4 Nf6 2. c4 e6 3. Nc3 d5 4. cxd5 exd5 5. Bg5 Nbd7 6. e3 c6 7. Bd3 Be7 8. Qc2 0-0 9. Nf3 Re8 10. 0-0 Nf8 11. h3 Ng6 12. Bxf6 Bxf6 13. b4 a6 14. a4 Nf8 15. b5 axb5 16. axb5 Rxa1 17. Rxa1 h6 18. bxc6 bxc6 19. Ra8 Qe7 20. Qa2 Rd8 21. Na4 Nd7 22. Ra7 Qb4 23. Bf5 Qb8 24. Nc3 Qb4 25. Qa5 Qxa5 26. Rxa5 g6 27. Bg4 h5 28. Bxd7 Bxd7 29. Na4 Rb8 30. Nc5 Be8 31. g3 Bd8 32. Ra1 Bf6 33. h4 Be7 34. Rc1 f6 35. Ne1 Kf7 36. Ned3 Bd6 37. Ra1 Kg8 38. Kg2 Be7 39. Ra7 Kf7 40. Nf4 Kg8 41. Rxe7 1-0